000
00335nam a22001217a 4500
999
_c
3745
_d
3745
005
20201217104431.0
008
201217b ||||| |||| 00| 0 eng d
020
_a
27095
040
_c
CML
245
_a
General Orders.
_c
Zambia
260
_a
Zambia
_b
Government Printers
_c
1995
942
_2
ddc
_c
BK
_e
1st Edition
_h
349
_m
ZAM